[Event "50th Sparkassen Open A"]
[Site "Dortmund GER"]
[Date "2023.07.02"]
[Round "9.7"]
[White "Pranav, Anand"]
[Black "Wagner, Dennis"]
[Result "1-0"]
[WhiteTitle "GM"]
[BlackTitle "GM"]
[WhiteElo "2510"]
[BlackElo "2598"]
[WhiteFideId "46626786"]
[BlackFideId "24650684"]
[EventDate "2023.06.24"]

1. d4 d5 2. c4 e6 3. Nc3 c5 4. cxd5 exd5 5. Nf3 Nf6 6. g3 Nc6 7. a3 c4 8. Bg5
Be7 9. Bg2 O-O 10. e3 Be6 11. h4 Nd7 12. Qc2 Rc8 13. Rd1 Re8 14. Bf4 Nf8 15. Ng5
Bxg5 16. Bxg5 Qd7 17. h5 h6 18. Bf4 Nh7 19. f3 Bf5 20. Qd2 Rcd8 21. Kf2 Bd3 22.
Ne2 Nf8 23. Nc1 Bh7 24. g4 Ne6 25. Bg3 Ng5 26. Ne2 b5 27. Bh4 a5 28. Bxg5 hxg5
29. h6 Qe7 30. hxg7 Bg6 31. f4 gxf4 32. exf4 Bd3 33. Ng3 Kxg7 34. f5 Rh8 35.
Rde1 Qf6 36. Nh5+ Rxh5 37. Rxh5 Nxd4 38. Reh1 Ne6 39. Qh6+ Qxh6 40. Rxh6 1-0

[Event "50th Sparkassen Open A"]
[Site "Dortmund GER"]
[Date "2023.07.02"]
[Round "9.8"]
[White "Guo, Arthur"]
[Black "Kamsky, Gata"]
[Result "1/2-1/2"]
[WhiteTitle "IM"]
[BlackTitle "GM"]
[WhiteElo "2445"]
[BlackElo "2659"]
[WhiteFideId "30903114"]
[BlackFideId "2000024"]
[EventDate "2023.06.24"]

1. e4 d6 2. d4 Nf6 3. Nc3 e5 4. dxe5 dxe5 5. Qxd8+ Kxd8 6. Nf3 Bd6 7. Bc4 Ke7 8.
O-O h6 9. Nd5+ Nxd5 10. Bxd5 Nd7 1/2-1/2

[Event "50th Sparkassen Open A"]
[Site "Dortmund GER"]
[Date "2023.07.02"]
[Round "9.9"]
[White "Bluebaum, Matthias"]
[Black "Akesson, Ralf"]
[Result "1-0"]
[WhiteTitle "GM"]
[BlackTitle "GM"]
[WhiteElo "2672"]
[BlackElo "2402"]
[WhiteFideId "24651516"]
[BlackFideId "1700120"]
[EventDate "2023.06.24"]

1. d4 Nf6 2. c4 g6 3. Nc3 d5 4. cxd5 Nxd5 5. e4 Nxc3 6. bxc3 Bg7 7. Bc4 c5 8.
Ne2 Nc6 9. Be3 O-O 10. O-O Bg4 11. f3 Na5 12. Bd3 cxd4 13. cxd4 Be6 14. Qd2 Nc4
15. Bxc4 Bxc4 16. Rfd1 b5 17. Ng3 e6 18. Bh6 a5 19. e5 Bd5 20. Ne4 Bxe4 21. fxe4
Rc8 22. Bxg7 Kxg7 23. d5 Rc4 24. Qf4 exd5 25. Rxd5 Qb6+ 26. Kh1 Rc2 27. Rf1 Qe6
28. Rd6 Qe7 29. h4 Rc5 30. Rd5 Kg8 31. h5 Rc2 32. h6 Rxa2 33. Rd7 Qe6 34. Rfd1
Qb6 35. e6 Qxe6 36. Rd8 Qe7 37. Rxf8+ Qxf8 38. Qg5 1-0

[Event "50th Sparkassen Open A"]
[Site "Dortmund GER"]
[Date "2023.07.02"]
[Round "9.10"]
[White "Bilovil, Bogdan"]
[Black "Ponomariov, Ruslan"]
[Result "1/2-1/2"]
[WhiteTitle "FM"]
[BlackTitle "GM"]
[WhiteElo "2348"]
[BlackElo "2664"]
[WhiteFideId "14168766"]
[BlackFideId "14103320"]
[EventDate "2023.06.24"]

1. d4 d5 2. c4 e6 3. Nc3 Bb4 4. e3 Nf6 5. a3 Bxc3+ 6. bxc3 c6 7. Nf3 O-O 8. Bd3
b6 9. O-O Ba6 10. Qe2 Nbd7 11. a4 Qc7 12. a5 e5 13. dxe5 Nxe5 14. Nxe5 Qxe5 15.
Bb2 Rfd8 16. Rfd1 dxc4 17. Bxc4 Bxc4 18. Qxc4 Qe4 19. Qe2 c5 20. c4 Ne8 21. f3
Qe7 22. axb6 axb6 23. Rxa8 Rxa8 24. Qd3 h6 25. h3 Nc7 26. Qb3 Rb8 27. Kh2 b5 28.
Qc3 f6 29. cxb5 Nxb5 30. Qc4+ Kh8 31. Rd5 Qc7+ 32. Kh1 Nd6 33. Qf4 Rxb2 34. Qxd6
Qxd6 35. Rxd6 1/2-1/2

[Event "50th Sparkassen Open A"]
[Site "Dortmund GER"]
[Date "2023.07.02"]
[Round "9.12"]
[White "Laurent-Paoli, Pierre"]
[Black "Kuegel, Tobias"]
[Result "0-1"]
[WhiteTitle "IM"]
[BlackTitle "FM"]
[WhiteElo "2552"]
[BlackElo "2301"]
[WhiteFideId "26017962"]
[BlackFideId "4636295"]
[EventDate "2023.06.24"]

1. e4 e5 2. Nf3 Nc6 3. Bb5 Nf6 4. O-O Nxe4 5. Re1 Nd6 6. Nxe5 Be7 7. Bf1 Nxe5 8.
Rxe5 O-O 9. Nc3 Bf6 10. Re1 Re8 11. Nd5 Rxe1 12. Qxe1 b6 13. d3 Bb7 14. Nxf6+
Qxf6 15. Qb4 Re8 16. Qf4 Qxf4 17. Bxf4 Nf5 18. Bxc7 d6 19. g4 Rc8 20. gxf5 Rxc7
21. c3 Rc5 22. Bh3 Re5 23. Kf1 Kf8 24. d4 Re4 25. Bg2 Ba6+ 26. Kg1 Rf4 27. Re1
Bb5 28. Be4 Rg4+ 29. Kh1 Bd7 30. f3 Rg5 31. c4 Bxf5 32. Bc6 g6 33. b4 Be6 34. d5
Bh3 35. Re2 Rf5 36. Re3 Rf4 37. Bb5 Rd4 38. Kg1 Rd2 39. f4 Bf5 40. Ra3 Rd1+ 41.
Kf2 Rd2+ 42. Ke3 Rxh2 43. Rxa7 Rc2 44. a4 h5 45. a5 bxa5 46. Rxa5 Rc3+ 47. Kd2
Rc2+ 48. Ke3 h4 49. c5 dxc5 50. bxc5 Rxc5 51. Kd4 Rc1 52. d6 h3 53. Ra2 Rd1+ 54.
Kc5 Be4 55. d7 Ke7 56. Kb6 Rxd7 57. Re2 Rd6+ 58. Kc5 Re6 59. Bc4 Bg2 60. Bxe6
fxe6 61. Kd4 0-1

[Event "50th Sparkassen Open A"]
[Site "Dortmund GER"]
[Date "2023.07.02"]
[Round "9.13"]
[White "Harikrishnan, A. Ra"]
[Black "Bailet, Pierre"]
[Result "1/2-1/2"]
[WhiteTitle "IM"]
[BlackTitle "GM"]
[WhiteElo "2400"]
[BlackElo "2513"]
[WhiteFideId "5081483"]
[BlackFideId "655830"]
[EventDate "2023.06.24"]

1. d4 Nf6 2. c4 e6 3. Nf3 d5 4. g3 Bb4+ 5. Bd2 Be7 6. Bg2 O-O 7. O-O c6 8. Qc2
b6 9. Bf4 Nbd7 10. cxd5 cxd5 11. Bc7 Qe8 12. Qa4 1/2-1/2

[Event "50th Sparkassen Open A"]
[Site "Dortmund GER"]
[Date "2023.07.02"]
[Round "9.14"]
[White "Samant, Aditya S"]
[Black "Heinemann, Josefine"]
[Result "1-0"]
[WhiteTitle "IM"]
[BlackTitle "WGM"]
[WhiteElo "2503"]
[BlackElo "2276"]
[WhiteFideId "35080580"]
[BlackFideId "12900460"]
[EventDate "2023.06.24"]

1. e4 e5 2. Nf3 Nc6 3. Bb5 a6 4. Ba4 Nf6 5. O-O Be7 6. Bxc6 dxc6 7. d3 Nd7 8.
Be3 O-O 9. Nbd2 f6 10. a4 a5 11. Kh1 Nc5 12. Ng1 Ne6 13. Ne2 Re8 14. Ng3 Bf8 15.
Nc4 b6 16. Nf5 Ba6 17. Qg4 Kh8 18. h4 c5 19. h5 Qd7 20. Nd2 Rad8 21. b3 Bd6 22.
Nf3 Nf8 23. N3h4 Qf7 24. g3 Bc8 25. Kg2 Be6 26. Rh1 h6 27. f4 Kh7 28. Raf1 Bc8
29. Bc1 Bb7 30. Bb2 Bc6 31. Nf3 Nd7 32. Ng5+ fxg5 33. fxg5 Qe6 34. gxh6 g6 35.
hxg6+ Qxg6 36. Qxg6+ Kxg6 37. h7 Nf6 38. Rh6+ Kf7 39. Nxd6+ Rxd6 40. h8=Q 1-0

[Event "50th Sparkassen Open A"]
[Site "Dortmund GER"]
[Date "2023.07.02"]
[Round "9.15"]
[White "Colpe, Malte"]
[Black "Samunenkov, Ihor"]
[Result "0-1"]
[WhiteTitle "IM"]
[BlackTitle "IM"]
[WhiteElo "2382"]
[BlackElo "2499"]
[WhiteFideId "24623075"]
[BlackFideId "14187086"]
[EventDate "2023.06.24"]

1. d4 d5 2. c4 e6 3. Nf3 Nf6 4. Nc3 a6 5. cxd5 exd5 6. Bg5 Be6 7. Bxf6 Qxf6 8.
Qb3 Ra7 9. a3 Qd8 10. h4 h6 11. Qc2 g6 12. e4 c6 13. e5 Bg7 14. Bd3 O-O 15. Ne2
b6 16. h5 g5 17. Bf5 Rc7 18. b4 c5 19. Rc1 c4 20. Bxe6 fxe6 21. Nh2 Nc6 22. Ng4
Ne7 23. Qd2 Nf5 24. g3 Qe8 25. Rc3 a5 26. bxa5 bxa5 27. f4 gxf4 28. Nxf4 Rb7 29.
O-O Rb3 30. Ng6 Rf7 31. Nf6+ Bxf6 32. exf6 Rxf6 33. Rxb3 cxb3 34. Qxa5 Qb8 35.
Qe1 b2 36. Qe5 Qxe5 37. dxe5 Nxg3 38. Rb1 Rf1+ 39. Rxf1 Nxf1 0-1

[Event "50th Sparkassen Open A"]
[Site "Dortmund GER"]
[Date "2023.07.02"]
[Round "9.16"]
[White "Woelk, Tom-Frederic"]
[Black "Rathanvel, V S"]
[Result "0-1"]
[WhiteTitle "FM"]
[BlackTitle "IM"]
[WhiteElo "2318"]
[BlackElo "2463"]
[WhiteFideId "12993077"]
[BlackFideId "25002112"]
[EventDate "2023.06.24"]

1. e4 c5 2. Nf3 d6 3. Nc3 a6 4. d4 cxd4 5. Nxd4 Nf6 6. Bg5 Nbd7 7. Qe2 e6 8. f4
Qc7 9. f5 e5 10. Nb3 b5 11. O-O-O Be7 12. a3 Bb7 13. Kb1 h5 14. Nc1 Rc8 15. Bxf6
Nxf6 16. N1a2 Qb6 17. h3 Rc4 18. Qe1 Rxe4 19. Nxe4 Nxe4 20. Nc3 Nf2 21. Be2 Nxd1
22. Bxd1 Bxg2 23. Rh2 Bc6 24. Qg3 Kf8 25. Ka2 h4 26. Qg4 Qb7 27. Rf2 d5 28. Bf3
e4 29. Bg2 Bf6 30. Ne2 b4 31. axb4 Qxb4 32. c3 Qa4+ 33. Kb1 Qd1+ 0-1

[Event "50th Sparkassen Open A"]
[Site "Dortmund GER"]
[Date "2023.07.02"]
[Round "9.17"]
[White "Coenen, Michael"]
[Black "Vogel, Roven"]
[Result "0-1"]
[WhiteTitle "FM"]
[BlackTitle "IM"]
[WhiteElo "2295"]
[BlackElo "2458"]
[WhiteFideId "4697367"]
[BlackFideId "12908088"]
[EventDate "2023.06.24"]

1. d4 Nf6 2. c4 e6 3. Nc3 Bb4 4. Qc2 c5 5. dxc5 O-O 6. Nf3 Bxc5 7. e3 Nc6 8. a3
b6 9. b4 Be7 10. Bd3 Bb7 11. O-O Rc8 12. Rd1 h6 13. Bb2 a5 14. b5 Nb8 15. Rac1
d6 16. Qe2 Nbd7 17. Na4 Qc7 18. Bb1 Ne4 19. Nd4 Ndc5 20. Nxc5 Nxc5 21. f3 f5 22.
Qc2 Bg5 23. Re1 Bf6 24. Re2 a4 25. Rd1 Qe7 26. Bc3 Be5 27. Bb4 Rf7 28. Qd2 g5
29. Bc2 f4 30. exf4 Rxf4 31. Qe3 Qf6 32. Red2 g4 33. Bxc5 bxc5 34. Ne2 gxf3 35.
Nxf4 Bxf4 36. Qd3 Rc7 37. Rf2 Rg7 38. Rxf3 Qh4 39. h3 Rxg2+ 40. Kxg2 Qg3+ 41.
Kf1 Bxf3 42. Qh7+ Kf8 43. Qh8+ Ke7 44. Qh7+ Kd8 45. Qh8+ Kc7 46. b6+ Kb7 47.
Qh7+ Kxb6 48. Rb1+ Ka6 49. Qg6 Bg2+ 0-1

[Event "50th Sparkassen Open A"]
[Site "Dortmund GER"]
[Date "2023.07.02"]
[Round "9.18"]
[White "Pipiras, Filipa Fortuna"]
[Black "Janzelj, Tim"]
[Result "1/2-1/2"]
[WhiteTitle "WFM"]
[BlackTitle "IM"]
[WhiteElo "2269"]
[BlackElo "2453"]
[WhiteFideId "1944894"]
[BlackFideId "14607913"]
[EventDate "2023.06.24"]

1. d4 d5 2. c4 c6 3. Nc3 Nf6 4. Nf3 dxc4 5. a4 Bf5 6. e3 e6 7. Bxc4 Bb4 8. O-O
O-O 9. Qe2 Bg6 10. Rd1 Nbd7 11. Ne5 Qe7 12. Nxd7 Qxd7 13. f3 Qc7 14. e4 e5 15.
Be3 exd4 16. Bxd4 Rfd8 17. Qf2 Nd7 18. Rac1 Qa5 19. Ne2 Nb6 20. Bb3 Nxa4 21. Ra1
b5 22. Nf4 Qc7 23. Be3 Bd6 24. g3 Qe7 25. Bxa4 bxa4 26. Qc2 Qb7 27. Nxg6 hxg6
28. Rxa4 Bc7 29. Rxd8+ Bxd8 30. Rc4 Bb6 31. Bxb6 Qxb6+ 32. Kg2 Rc8 33. b4 Qb5
34. Rd4 a5 35. bxa5 Qxa5 36. Qd2 Qb6 37. Rd7 Ra8 38. Qf4 Qb2+ 39. Kh3 Qb3 40.
Rd2 Qe6+ 41. Kg2 Qe7 42. Qd6 Qb7 43. Qc5 Qa6 44. Qe7 Qb6 45. e5 c5 46. Qd6 Qxd6 1/2-1/2

[Event "50th Sparkassen Open A"]
[Site "Dortmund GER"]
[Date "2023.07.02"]
[Round "9.19"]
[White "Sammed Jaykumar, Shete"]
[Black "Abrahamyan, Tatev"]
[Result "1-0"]
[WhiteTitle "IM"]
[BlackTitle "WGM"]
[WhiteElo "2440"]
[BlackElo "2282"]
[WhiteFideId "5073421"]
[BlackFideId "13301918"]
[EventDate "2023.06.24"]

1. d4 Nf6 2. c4 e6 3. Nf3 d5 4. Nc3 h6 5. e3 a6 6. b3 c5 7. cxd5 cxd4 8. Qxd4
exd5 9. Be2 Nc6 10. Qd3 Bd6 11. O-O O-O 12. Bb2 Be6 13. Rac1 Rc8 14. Rfd1 Qe7
15. Qb1 Rfd8 16. Bd3 Bg4 17. Bf5 Bxf3 18. gxf3 Rc7 19. Ne2 Ne5 20. Kg2 g6 21.
Bh3 Rxc1 22. Nxc1 h5 23. Ne2 Neg4 24. Ng3 Be5 25. Bc1 d4 26. Qd3 Rd7 27. e4 Rd8
28. Kg1 Bxg3 29. hxg3 Ne5 30. Qe2 Qc7 31. Kg2 d3 32. Qb2 Re8 33. Qd2 Qc6 34. Qf4
Nfd7 35. Bb2 Qf6 36. Bxe5 1-0